Представление документа в формате MARC21

Поле Инд. ПП Название Значение
Тип записи a
Библиографический уровень m
001 Контрольный номер ce4e065f-cbea-4e6d-bd27-30e9b320c581
005 Дата корректировки 20131111155456.1
008 Кодируемые данные 990903 d
020 a ISBN 5-244-00791-2
c Цена, тираж 3 500-00
040 a Служба первич. каталог. НБ ТвГУ
041 a Код языка текста rus
080 a Индекс УДК 929Петр Первый
a Индекс УДК 947.0
084 a Индекс другой классификации/Индекс ББК Т3(2)462-532.1
090 x Авторский знак П12
a Полочн. индекс Т3(2)46
100 1_ a Автор Павленко Николай Иванович
245 00 a Заглавие Петр Великий
c Ответственность Н. И. Павленко
260 0_ a Место издания Москва
b Издательство Мысль
c Дата издания 1994
300 a Объем 591,[1] с.,[16] л. ил.
504 a Библиография Библиогр.: с.562-580.
a Библиография Указ. имен: с.581-591.
650 a Основная рубрика Петр I (имп.), о нем
650 a Основная рубрика Россия
x Основная подрубрика История
y Хронологическая подрубрика 17-18 вв.
653 a Ключевые слова История России
a Ключевые слова Россия
a Ключевые слова Петр 1
a Ключевые слова Петр Великий
852 t Порядковый номер экземпляра 1
p Инвентарный номер 649934
852 t Порядковый номер экземпляра 1
p Инвентарный номер 649935
954 a Дата поступления на обработку 21.09.94
999 a Подразделение 2 ч.з.
a Подразделение 2 Фил1